ICC T20 World Cup Winners Squad - Statistics

General Stats
  • This quiz has been taken 18 times
  • The average score is 12 of 18
Answer Stats
Answer % Correct
Captain Jos Buttler
94%
Adil Rashid
88%
Ben Stokes
88%
Mark Wood
88%
Moeen Ali
88%
Sam Curran
88%
Reserve Luke Wood
82%
Liam Livingstone
76%
Alex Hales
71%
Harry Brook
71%
Chris Woakes
65%
Dawid Malan
59%
Phil Salt
59%
Chris Jordan
53%
Tymal Mills
41%
David Willey
24%
Reserve Liam Dawson
18%
Reserve Richard Gleeson
0%
No matching quizzes found
Score Distribution
Percent of People with Each Score
Percentile by Number Answered
Your Score History
You have not taken this quiz